| 000 | 00792nam a2200229Ia 4500 | ||
|---|---|---|---|
| 005 | 20260430150736.0 | ||
| 008 | 008 250103s9999 xx 000 0 hin d | ||
| 037 | _aTheses | ||
| 040 | _aCRL | ||
| 040 | _bhin | ||
| 040 | _chin | ||
| 041 | _2hin | ||
| 041 | _ahin | ||
| 084 | _qCRL | ||
| 100 |
_aउपासना, ले. _9865095 |
||
| 245 | 0 | _aप्रवासी हिन्दी कथा साहित्य में भारतीय एवं पाश्चात्य जीवन मूल्यों का द्वंद्व | |
| 260 | _c2022 | ||
| 300 | _a557पृ0 | ||
| 700 | _aदिल्ली विश्वविद्यालय. कला संकाय. हिन्दी विभाग | ||
| 942 | _cTH | ||
| 999 |
_c1850552 _d1850552 |
||